[Event "ChFraVétérans2011"]
[Site "Caen"]
[Date "2011.08.16"]
[Round "1.1"]
[White "Seret, Jean-Luc"]
[Black "Mercier, Pierre"]
[Result "1-0"]
[WhiteElo "2380"]
[BlackElo "1788"]
[PlyCount "93"]
[EventDate "2011.??.??"]

1. e4 c5 2. g3 g6 3. Bg2 Bg7 4. d3 e6 5. Nc3 Nc6 6. Be3 d6 7. Qd2 Nge7 8. Bh6
O-O 9. h4 Bxh6 10. Qxh6 Kh8 11. h5 Ng8 12. Qd2 g5 13. h6 f6 14. f4 Nd4 15.
O-O-O Rb8 16. Rf1 g4 17. Nce2 f5 18. Nxd4 cxd4 19. e5 Qb6 20. Kb1 Ne7 21. Ne2
d5 22. Rc1 Bd7 23. Rhd1 Nc6 24. Qe1 a5 25. Qg1 Qb4 26. c3 dxc3 27. Rxc3 a4 28.
Rdc1 Rfc8 29. a3 Qf8 30. Nd4 Nxd4 31. Qxd4 Bc6 32. Rh1 Kg8 33. Rh2 Kf7 34. Bf1
Qe8 35. Be2 b5 36. Bd1 Rb7 37. Rhc2 Kg6 38. Qg1 b4 39. axb4 Rxb4 40. Qa7 Rb7
41. Qa6 Rbc7 42. Rc1 Qd7 43. Bxa4 Bxa4 44. Rxc7 Rxc7 45. Rxc7 Qxc7 46. Qxe6+
Kh5 47. Qxf5+ 1-0

[Event "ChFraVétérans2011"]
[Site "Caen"]
[Date "2011.08.16"]
[Round "1.2"]
[White "Olivier, Jean"]
[Black "Goldenberg, Richard"]
[Result "0-1"]
[WhiteElo "1786"]
[BlackElo "2320"]
[PlyCount "67"]
[EventDate "2011.??.??"]

1. Nf3 d6 2. b3 e5 3. d3 f5 4. Nbd2 Nf6 5. Bb2 Be7 6. e4 O-O 7. Be2 Nc6 8. O-O
Kh8 9. a3 a5 10. Kh1 Bd7 11. Rb1 Qe8 12. Ne1 d5 13. exd5 Nxd5 14. Bh5 Qd8 15.
Nc4 Bf6 16. Ne3 Nf4 17. Bf3 Be6 18. Bxc6 bxc6 19. Nf3 Ng6 20. c4 f4 21. Nc2 Bf5
22. Nce1 c5 23. Qc2 a4 24. Nd2 axb3 25. Nxb3 Qd6 26. f3 Rfd8 27. Nc1 Bh4 28.
Kg1 Ne7 29. Qc3 Nc6 30. Nb3 Rab8 31. Nd2 Nd4 32. Rf2 Qh6 33. Ne4 Bxf2+ 34. Kxf2
0-1

[Event "ChFraVétérans2011"]
[Site "Caen"]
[Date "2011.08.16"]
[Round "1.3"]
[White "Ruiz, Richard"]
[Black "Renault, Jean-Pierre"]
[Result "1-0"]
[WhiteElo "2106"]
[BlackElo "1781"]
[PlyCount "139"]
[EventDate "2011.??.??"]

1. d4 Nf6 2. Bg5 c6 3. Nc3 d5 4. Nf3 g6 5. Qd2 h6 6. Bf4 Bg7 7. h3 Ne4 8. Nxe4
dxe4 9. Ne5 Nd7 10. Nxd7 Qxd7 11. c3 g5 12. Bh2 O-O 13. e3 Qf5 14. Be2 Be6 15.
Bg3 c5 16. O-O cxd4 17. cxd4 Bd5 18. Rfc1 Bc6 19. Qb4 Qd7 20. h4 f5 21. hxg5
hxg5 22. Rc5 e6 23. Be5 Qe7 24. Bxg7 Kxg7 25. Qc3 Kg6 26. Kf1 Rh8 27. Ke1 Rh1+
28. Bf1 Rah8 29. Kd2 Qf6 30. Rc1 Rd8 31. Kc2 f4 32. Bc4 Rxc1+ 33. Kxc1 Bd5 34.
Bxd5 exd5 35. Qe1 fxe3 36. fxe3 Rd7 37. a3 Rd6 38. Kb1 Qe6 39. Qb4 Rb6 40. Qa4
a6 41. Qa5 Rd6 42. Rc7 Rd7 43. Rc1 Rf7 44. Rh1 Rd7 45. Qa4 Rh7 46. Rc1 Rd7 47.
Qa5 Rd6 48. Rh1 Rd7 49. Qc5 Rf7 50. Qc2 Qg4 51. Ka2 Qd7 52. Qe2 Rh7 53. Rc1 Qe6
54. Rc2 Rd7 55. Qf2 Qd6 56. g4 Rf7 57. Qg2 Qd8 58. Qh3 Rh7 59. Qg3 Rd7 60. Rh2
Qc7 61. Qh3 Rh7 62. Qxh7+ Qxh7 63. Rxh7 Kxh7 64. Kb3 b6 65. a4 Kg7 66. a5 b5
67. Kb4 Kf6 68. Kc5 Ke6 69. b4 Kd7 70. Kxd5 1-0

[Event "ChFraVétérans2011"]
[Site "Caen"]
[Date "2011.08.16"]
[Round "1.4"]
[White "Le Deuff, Frederic"]
[Black "Negre, Albert"]
[Result "0-1"]
[WhiteElo "1773"]
[BlackElo "2103"]
[PlyCount "108"]
[EventDate "2011.??.??"]

1. e4 e5 2. d4 exd4 3. f4 d5 4. e5 Bc5 5. Bd3 Ne7 6. Nf3 Nbc6 7. a3 a6 8. O-O
Bf5 9. b4 Ba7 10. Kh1 Qd7 11. Qe1 Bxd3 12. cxd3 Qf5 13. Qe2 O-O-O 14. Bd2 h5
15. a4 Ng6 16. Ng5 Rde8 17. b5 Nd8 18. bxa6 bxa6 19. Ba5 Nb7 20. Bd2 f6 21. Nh3
Nc5 22. Ra3 Qg4 23. Qf2 fxe5 24. fxe5 Rxe5 25. Ng1 Rf8 26. Nf3 Ne6 27. h3 Qf5
28. Bc1 h4 29. Nbd2 Re3 30. Qg1 Qh5 31. Rf2 Ngf4 32. Ne1 Nxh3 33. Rxf8+ Nxf8
34. Qf1 Bc5 35. gxh3 Bxa3 36. Bxa3 Nd7 37. Ndf3 Qf5 38. Bc1 Re8 39. Bd2 Nc5 40.
a5 Nb3 41. Qg2 Nxd2 42. Qxd2 Qxh3+ 43. Nh2 g5 44. Qf2 Qe3 45. Qf5+ Qe6 46.
Qxe6+ Rxe6 47. Nef3 Re3 48. Nxg5 Rxd3 49. Ngf3 h3 50. Kg1 c5 51. Ne5 Ra3 52.
Kf2 Rxa5 53. Nhf3 Ra3 54. Ke2 h2 0-1

[Event "ChFraVétérans2011"]
[Site "Caen"]
[Date "2011.08.16"]
[Round "1.5"]
[White "Leitner, Walter"]
[Black "Schrader, Edmond"]
[Result "1/2-1/2"]
[WhiteElo "2098"]
[BlackElo "1753"]
[PlyCount "83"]
[EventDate "2011.??.??"]

1. e4 e5 2. Nf3 Nc6 3. Bb5 Nf6 4. d3 Bc5 5. Nc3 d6 6. Na4 Bb6 7. Nxb6 axb6 8.
h3 h6 9. Be3 O-O 10. Qd2 Ra5 11. Bc4 d5 12. exd5 Nxd5 13. a3 Be6 14. O-O Qf6
15. Nh2 Nd4 16. c3 Nc6 17. Kh1 Nce7 18. Qe2 Ng6 19. Ng4 Qh4 20. Bxd5 Rxd5 21.
f3 f5 22. Bf2 Qd8 23. c4 Rxd3 24. Nxe5 Rd2 25. Qe3 Nxe5 26. Qxe5 Qf6 27. Qxf6
Rxf6 28. b3 b5 29. cxb5 Bxb3 30. Rac1 Ba4 31. Rc5 c6 32. bxc6 Bxc6 33. Kg1 f4
34. Re5 Rfd6 35. Rfe1 Rd1 36. Re7 Rxe1+ 37. Rxe1 Rd3 38. Bc5 Rd7 39. Re8+ Kh7
40. Rf8 g5 41. Bb4 Kg7 42. Re8 1/2-1/2

[Event "ChFraVétérans2011"]
[Site "Caen"]
[Date "2011.08.16"]
[Round "1.6"]
[White "Biguet, Jean-Claude"]
[Black "Basic, Bosko"]
[Result "0-1"]
[WhiteElo "1750"]
[BlackElo "2067"]
[PlyCount "66"]
[EventDate "2011.??.??"]

1. e4 d6 2. d4 Nf6 3. Nc3 Nbd7 4. Be2 e5 5. Nf3 Be7 6. O-O c6 7. b3 O-O 8. Bb2
Qc7 9. Rc1 a6 10. dxe5 dxe5 11. Nd2 b5 12. Bf3 Nc5 13. Qe2 Ne6 14. Qe1 Nd4 15.
Bd1 Be6 16. Ne2 c5 17. Nxd4 cxd4 18. f4 exf4 19. Bxd4 Bc5 20. Bxc5 Qxc5+ 21.
Qf2 Qa3 22. e5 Nd5 23. Bf3 Qxa2 24. Bxd5 Bxd5 25. Qxf4 Rac8 26. Ra1 Qxc2 27.
Rxa6 Bxb3 28. Nxb3 Qxb3 29. Ra7 Qd5 30. Kh1 Rc2 31. Qg3 h6 32. Re1 Re8 33. h3
Re6 0-1

[Event "ChFraVétérans2011"]
[Site "Caen"]
[Date "2011.08.16"]
[Round "1.7"]
[White "Audiffren, Roger"]
[Black "Ferrari, Guy"]
[Result "1-0"]
[WhiteElo "2005"]
[BlackElo "1748"]
[PlyCount "57"]
[EventDate "2011.??.??"]

1. d4 Nf6 2. Nf3 d5 3. e3 Bg4 4. Be2 e6 5. b3 Nbd7 6. Bb2 Be7 7. Nbd2 c6 8. h3
Bh5 9. O-O O-O 10. a3 Bd6 11. c4 b6 12. b4 c5 13. dxc5 bxc5 14. b5 Bc7 15. a4
Qe7 16. Qc2 Qd6 17. Rfd1 Rad8 18. cxd5 exd5 19. Nf1 Rfe8 20. Ng3 Bg6 21. Bd3
Qe6 22. Bxg6 Bxg3 23. Ng5 Bxf2+ 24. Qxf2 Qxe3 25. Bxf7+ Kh8 26. Bxe8 Rxe8 27.
Qxe3 Rxe3 28. Bxf6 Nxf6 29. Re1 1-0

[Event "ChFraVétérans2011"]
[Site "Caen"]
[Date "2011.08.16"]
[Round "1.8"]
[White "Reveillere, Christian"]
[Black "Birens, Eric-Andre"]
[Result "0-1"]
[WhiteElo "1747"]
[BlackElo "1997"]
[PlyCount "180"]
[EventDate "2011.??.??"]

1. d4 Nf6 2. Nf3 c5 3. c3 g6 4. Bf4 Bg7 5. e3 O-O 6. Nbd2 b6 7. Be2 Bb7 8. O-O
d6 9. h3 Nbd7 10. Rc1 h6 11. Qc2 Nh5 12. Bh2 Rc8 13. Qb1 e5 14. dxe5 dxe5 15.
Ne4 Qe7 16. Rfd1 Rcd8 17. Rd2 f5 18. Ng3 Nxg3 19. fxg3 e4 20. Ne1 Qg5 21. Kf2
Nf6 22. Rxd8 Rxd8 23. Rd1 Nd5 24. Nc2 Kh7 25. c4 Nc7 26. b3 Be5 27. Rxd8 Qxd8
28. Qd1 Qe7 29. Kg1 Ne6 30. Qd2 Qc7 31. Kf1 Bc6 32. Bg1 Bxg3 33. Bf2 Be5 34.
Qe1 g5 35. h4 f4 36. Bg4 Qf7 37. Bxe6 Qxe6 38. hxg5 hxg5 39. Qd1 f3 40. Kg1 Qg4
41. Ne1 Qh5 42. Qd8 g4 43. Qe7+ Bg7 44. Bg3 Qg6 45. Kf2 Qf6 46. Qxf6 Bxf6 47.
Bb8 a6 48. Bc7 b5 49. Bd6 Bc3 50. g3 bxc4 51. bxc4 Bd7 52. Bxc5 Be6 53. a3 Bxc4
54. Nc2 Kg6 55. Nd4 Kf6 56. Bd6 Bb2 57. Bf8 Ke5 58. Nc6+ Kd5 59. Nb4+ Ke6 60.
Nc6 Bc3 61. Nd4+ Kd5 62. Nf5 Bb5 63. Nd6 Bc6 64. Nf5 Kc4 65. Be7 Kd3 66. Bc5
Kc4 67. Bf8 Bd7 68. Nd6+ Kd3 69. Nb7 Kc4 70. Nd6+ Kd5 71. Nf7 Bb2 72. Nd8 Kc4
73. Nb7 Kd5 74. Nd8 Bc8 75. Nf7 a5 76. Nd8 Bf6 77. Nf7 Bb2 78. Ng5 Bf5 79. Nf7
Be6 80. Nd8 Bc8 81. Nf7 Bd7 82. Nd8 Kc4 83. Nb7 a4 84. Be7 Be5 85. Nc5 Bc6 86.
Bf8 Bc7 87. Ne6 Bb6 88. Bb4 Bd5 89. Nf8 Kd3 90. Ng6 Bxe3+ 0-1

[Event "ChFraVétérans2011"]
[Site "Caen"]
[Date "2011.08.16"]
[Round "1.9"]
[White "Ruch, Bernard"]
[Black "Raggini, Bernard"]
[Result "1-0"]
[WhiteElo "1994"]
[BlackElo "1737"]
[PlyCount "101"]
[EventDate "2011.??.??"]

1. d4 e6 2. Nf3 Nf6 3. e3 d5 4. Bd3 c5 5. c3 cxd4 6. exd4 Bd6 7. Qe2 O-O 8. Bg5
Nbd7 9. Nbd2 Re8 10. Ne5 Qb6 11. Rb1 h6 12. Bh4 a5 13. g4 Nh7 14. Bxh7+ Kxh7
15. Nxf7 Kg8 16. Ne5 Nxe5 17. dxe5 Be7 18. Bg3 Bd7 19. Nf3 Rf8 20. Nd4 Rac8 21.
O-O Bc5 22. Rfd1 Rf7 23. Rd3 Rcf8 24. f4 Bb5 25. Kg2 Bxd3 26. Qxd3 Bxd4 27.
cxd4 Rc8 28. f5 Rfc7 29. f6 Qc6 30. Kh3 Qc2 31. Qf1 Qg6 32. Re1 h5 33. gxh5
Qxh5+ 34. Bh4 Rc4 35. Qf4 Qf5+ 36. Qxf5 exf5 37. Rg1 Rxd4 38. Rxg7+ Kf8 39. Rh7
Rd3+ 40. Bg3 Rc2 41. Kh4 Re3 42. Rxb7 Re4+ 43. Kg5 Ree2 44. Kg6 Rc8 45. Kxf5 d4
46. Kg6 Re4 47. Rh7 Rg4+ 48. Kf5 Rg8 49. Rd7 Rxg3 50. hxg3 Rc2 51. Kg6 1-0

[Event "ChFraVétérans2011"]
[Site "Caen"]
[Date "2011.08.16"]
[Round "1.10"]
[White "Lagasse, Andre"]
[Black "Degrave, Jack"]
[Result "0-1"]
[WhiteElo "1735"]
[BlackElo "1990"]
[PlyCount "104"]
[EventDate "2011.??.??"]

1. d4 Nf6 2. Nf3 g6 3. Bf4 Bg7 4. Nc3 O-O 5. Qd2 d6 6. Bh6 Nbd7 7. Bxg7 Kxg7 8.
O-O-O c6 9. e4 Qa5 10. Qg5 b5 11. Nd2 h6 12. Qe3 Qc7 13. Be2 Nb6 14. h4 e5 15.
h5 g5 16. g3 b4 17. Ncb1 exd4 18. Qxd4 c5 19. Qe3 Re8 20. Qd3 Be6 21. Nb3 c4
22. Qxd6 Qxd6 23. Rxd6 cxb3 24. axb3 Rac8 25. Nd2 Red8 26. Rxd8 Rxd8 27. f4 Bg4
28. Bd3 Nxh5 29. Nf1 Bf3 30. Rg1 Re8 31. Nd2 Bg4 32. c4 bxc3 33. bxc3 Nd7 34.
b4 Ndf6 35. c4 gxf4 36. gxf4 Nxf4 37. Kc2 h5 38. c5 Kh6 39. Re1 N6d5 40. Rb1
Ne3+ 41. Kc3 Rd8 42. Bb5 Be2 43. Nc4 Nd1+ 44. Kc2 Bd3+ 45. Kxd1 Bxb1+ 46. Nd6
Bxe4 47. Ke1 Bd5 48. Kf2 Kg5 49. Be8 f5 50. Ke3 h4 51. Bf7 Rxd6 52. cxd6 Bxf7
0-1

[Event "ChFraVétérans2011"]
[Site "Caen"]
[Date "2011.08.17"]
[Round "2.1"]
[White "Andrieu, Philippe"]
[Black "Seret, Jean-Luc"]
[Result "0-1"]
[WhiteElo "1894"]
[BlackElo "2380"]
[PlyCount "132"]
[EventDate "2011.??.??"]

1. d4 g6 2. e4 Bg7 3. Bc4 e6 4. Nf3 d5 5. exd5 exd5 6. Bd3 Ne7 7. O-O O-O 8. c3
Bf5 9. Bf4 Nbc6 10. Nh4 Bxd3 11. Qxd3 Qd7 12. Nd2 Nd8 13. Nhf3 Ne6 14. Be5 f6
15. Bg3 Nf5 16. h4 Rae8 17. Bh2 Bh6 18. Rfe1 Nf4 19. Qc2 Nd6 20. Nf1 Qg4 21.
Bg3 c6 22. N1h2 Qd7 23. Nf1 Ne4 24. Rad1 Rf7 25. c4 Rfe7 26. Bxf4 Bxf4 27. Ne3
Nxf2 28. Qxf2 Bxe3 29. Rxe3 Rxe3 30. Ne5 R3xe5 31. dxe5 fxe5 32. Qg3 d4 33. h5
Qg7 34. hxg6 Qxg6 35. Qb3 Qg7 36. Rd3 Kh8 37. Rg3 Qf7 38. Rf3 Qd7 39. c5 Rg8
40. Rf7 Qg4 41. Qc2 d3 42. Qf2 Qd4 43. Qxd4 exd4 44. Rf3 Kg7 45. Rxd3 Rd8 46.
Kf2 Kf6 47. Ke2 b6 48. cxb6 axb6 49. Rh3 Rg8 50. Kf2 Kg6 51. Rg3+ Kf7 52. Rd3
c5 53. Rb3 Rb8 54. Rh3 Kg6 55. Ke2 h5 56. Rf3 Re8+ 57. Kd2 Re5 58. Rd3 Rg5 59.
g3 Kf5 60. Ke2 Ke4 61. Rb3 Rg6 62. Rf3 Re6 63. Kf2 c4 64. Ra3 Rf6+ 65. Ke2 d3+
66. Ke1 Ke3 0-1

[Event "ChFraVétérans2011"]
[Site "Caen"]
[Date "2011.08.17"]
[Round "2.2"]
[White "Goldenberg, Richard"]
[Black "Labarthe, Arnaud"]
[Result "1-0"]
[WhiteElo "2320"]
[BlackElo "1879"]
[PlyCount "93"]
[EventDate "2011.??.??"]

1. e4 d5 2. exd5 Nf6 3. Bb5+ Bd7 4. Bc4 Bg4 5. f3 Bf5 6. g4 Bc8 7. Nc3 Nbd7 8.
g5 Nb6 9. Bb5+ Nfd7 10. d4 a6 11. Bd3 Nb8 12. Be4 f5 13. gxf6 exf6 14. Qe2 Be7
15. Bf4 O-O 16. O-O-O Bb4 17. Nb1 Re8 18. Qd3 f5 19. Bxf5 Bxf5 20. Qxf5 Nxd5
21. Nh3 Nxf4 22. Nxf4 Qd7 23. Qh5 c6 24. Rhg1 Bf8 25. Nc3 Qf7 26. Qxf7+ Kxf7
27. Ne4 Nd7 28. c3 Nf6 29. Rge1 h6 30. Kc2 b6 31. Nd3 a5 32. Ne5+ Kg8 33. Nxc6
Nd5 34. Ne5 Rec8 35. Kb1 b5 36. Rg1 Kh7 37. Rde1 b4 38. c4 Nf4 39. Rg4 Ne6 40.
Rd1 Be7 41. d5 h5 42. Rgg1 Nc5 43. d6 Nxe4 44. fxe4 Bf6 45. Nd7 Ra7 46. Nxf6+
gxf6 47. Rd5 1-0

[Event "ChFraVétérans2011"]
[Site "Caen"]
[Date "2011.08.17"]
[Round "2.3"]
[White "Koenig, Joel"]
[Black "Ruiz, Richard"]
[Result "1/2-1/2"]
[WhiteElo "1874"]
[BlackElo "2106"]
[PlyCount "88"]
[EventDate "2011.??.??"]

1. d4 Nf6 2. Nf3 d6 3. Bg5 Ne4 4. Bf4 c5 5. e3 Qa5+ 6. c3 g6 7. Bd3 Nf6 8. Nbd2
Bg7 9. h3 O-O 10. O-O Nbd7 11. Qc2 Qc7 12. Rac1 a6 13. a4 Rb8 14. Ra1 b6 15.
Rfc1 Bb7 16. Qb1 Rfe8 17. Bh2 Rbc8 18. b4 Rb8 19. Qa2 Bd5 20. Bc4 Bxc4 21. Nxc4
h6 22. Ncd2 Rbc8 23. a5 cxb4 24. axb6 Qxb6 25. cxb4 Nb8 26. Rc4 Qb7 27. Rac1
Nbd7 28. Qa5 Rxc4 29. Rxc4 Rc8 30. Rxc8+ Qxc8 31. b5 axb5 32. Qxb5 Qc1+ 33. Qf1
Qc2 34. g4 g5 35. Qc4 Qxc4 36. Nxc4 Ne4 37. Kf1 Kf8 38. Ke2 Ke8 39. Nfd2 Ndf6
40. Nxe4 Nxe4 41. f3 Nc3+ 42. Kd2 Nb5 43. Kd3 Kd7 44. Bg1 Nc7 1/2-1/2

[Event "ChFraVétérans2011"]
[Site "Caen"]
[Date "2011.08.17"]
[Round "2.4"]
[White "Negre, Albert"]
[Black "Peyrin, Jean"]
[Result "1/2-1/2"]
[WhiteElo "2103"]
[BlackElo "1873"]
[PlyCount "68"]
[EventDate "2011.??.??"]

1. d4 Nf6 2. Nc3 d5 3. Bg5 Bf5 4. f3 c5 5. e4 dxe4 6. d5 Nbd7 7. Qd2 a6 8. Qf4
Bg6 9. fxe4 h6 10. Bxf6 gxf6 11. Nf3 Bg7 12. Be2 Qb8 13. Qe3 b5 14. O-O O-O 15.
Kh1 Qd6 16. Rae1 Rac8 17. Nh4 Ne5 18. Nf5 Bxf5 19. Rxf5 Qc7 20. Rh5 Kh7 21. Rf1
Rg8 22. Nd1 Qd7 23. Rff5 Qd6 24. Qh3 Rcd8 25. Ne3 Bf8 26. g3 Rg6 27. Rf4 c4 28.
a3 e6 29. Rfh4 Qb6 30. Ng2 Qf2 31. Nf4 Nf3 32. Bxf3 Qxf3+ 33. Kg1 Qe3+ 34. Kf1
Qc1+ 1/2-1/2

[Event "ChFraVétérans2011"]
[Site "Caen"]
[Date "2011.08.17"]
[Round "2.5"]
[White "Basic, Bosko"]
[Black "Molet, Asher"]
[Result "1-0"]
[WhiteElo "2067"]
[BlackElo "1859"]
[PlyCount "65"]
[EventDate "2011.??.??"]

1. Nf3 d5 2. d4 e6 3. g3 Nf6 4. Bg2 c5 5. c4 Nc6 6. cxd5 exd5 7. O-O Be7 8. Nc3
h6 9. b3 O-O 10. Bb2 Be6 11. Rc1 Rc8 12. dxc5 Bxc5 13. Nb5 Be7 14. Nbd4 Qd7 15.
Nxc6 Rxc6 16. Ne5 Rxc1 17. Qxc1 Qb5 18. Qe3 Rc8 19. Rc1 Rxc1+ 20. Bxc1 Bc5 21.
Qd3 Qb6 22. e3 Bd6 23. Bb2 Qc7 24. Nf3 Be7 25. Nd4 Bd7 26. Nf5 Bxf5 27. Qxf5 b6
28. Bxd5 Nxd5 29. Qxd5 Qc2 30. Qe5 Bf6 31. Qe8+ Kh7 32. Bxf6 Qc1+ 33. Kg2 1-0

[Event "ChFraVétérans2011"]
[Site "Caen"]
[Date "2011.08.17"]
[Round "2.6"]
[White "Rodriguez, Jean-Pierre"]
[Black "Audiffren, Roger"]
[Result "1-0"]
[WhiteElo "1871"]
[BlackElo "2005"]
[PlyCount "142"]
[EventDate "2011.??.??"]

1. d4 f5 2. Nf3 Nf6 3. c4 e6 4. d5 exd5 5. cxd5 Bb4+ 6. Nc3 O-O 7. Bd2 d6 8. e3
Qe7 9. Bc4 a6 10. a3 Bc5 11. O-O Nbd7 12. b4 Ba7 13. Rc1 Ne4 14. Qc2 Nxd2 15.
Qxd2 Ne5 16. Nxe5 Qxe5 17. Ne2 Bd7 18. Nf4 Rae8 19. Qc3 Qxc3 20. Rxc3 Bb8 21.
Rfc1 Re7 22. Bb3 g5 23. Ne2 Kg7 24. Nd4 Kf6 25. a4 Rc8 26. b5 axb5 27. axb5 Ba7
28. Ne6 Bb6 29. Bc4 c6 30. bxc6 bxc6 31. Bb3 c5 32. Bc4 Bxe6 33. dxe6 Rd8 34.
Rd1 Ra7 35. Rb3 Bc7 36. g3 Ra4 37. Bd5 Rb4 38. Ra3 Re8 39. Ra7 Re7 40. Ra8 Bb8
41. Ra6 f4 42. exf4 gxf4 43. Kg2 Ke5 44. Ra2 Rd4 45. Rxd4 Kxd4 46. Rd2+ Kc3 47.
Rd1 fxg3 48. hxg3 Kc2 49. Ra1 Bc7 50. f4 Kc3 51. f5 Bd8 52. f6 Rc7 53. f7 Be7
54. Ra8 Kd4 55. Bb3 c4 56. Bc2 Ke5 57. f8=Q Bxf8 58. Rxf8 Kxe6 59. Rh8 Ra7 60.
Kf3 d5 61. g4 Ke5 62. Re8+ Kd4 63. Re6 Kc5 64. Re5 h6 65. Ke3 Ra3+ 66. Kd2 Rg3
67. Bf5 Kd4 68. Re2 Ra3 69. Kc1 Rc3+ 70. Kb1 Rh3 71. Kc1 Kc3 1-0

[Event "ChFraVétérans2011"]
[Site "Caen"]
[Date "2011.08.17"]
[Round "2.7"]
[White "Birens, Eric-Andre"]
[Black "Mounier, Michel"]
[Result "0-1"]
[WhiteElo "1997"]
[BlackElo "1829"]
[PlyCount "100"]
[EventDate "2011.??.??"]

1. d4 d5 2. c4 e6 3. Nc3 Nf6 4. Bg5 Be7 5. e3 c6 6. Nf3 O-O 7. Bd3 b6 8. O-O
dxc4 9. Bxc4 Ba6 10. Qb3 Nd5 11. Bxe7 Qxe7 12. a3 Bxc4 13. Qxc4 b5 14. Nxd5
exd5 15. Qc3 f6 16. b4 Rc8 17. a4 Na6 18. Rfb1 Qb7 19. Ne1 Nc7 20. Nd3 bxa4 21.
Nc5 Nb5 22. Qd3 Qe7 23. Rxa4 Nd6 24. h3 f5 25. Qc2 g6 26. Nd3 Nc4 27. Nf4 Qe4
28. Qxe4 fxe4 29. b5 Nb6 30. Ra6 c5 31. dxc5 Rxc5 32. Ne6 Rc2 33. Nd4 Rc7 34.
Nc6 Rb7 35. Rba1 Nc8 36. Nd4 Rb6 37. Rxb6 Nxb6 38. Nc6 Nc8 39. Kf1 Kf8 40. Ke2
Ke8 41. Kd2 Kd7 42. Kc3 a6 43. Kd4 Nb6 44. Ne5+ Kd6 45. Rxa6 Rxa6 46. bxa6 Nc8
47. Nf7+ Ke6 48. Ng5+ Kd6 49. Nxh7 Na7 50. g4 Nb5# 0-1

[Event "ChFraVétérans2011"]
[Site "Caen"]
[Date "2011.08.17"]
[Round "2.8"]
[White "Gibson, John"]
[Black "Ruch, Bernard"]
[Result "0-1"]
[WhiteElo "1865"]
[BlackElo "1994"]
[PlyCount "68"]
[EventDate "2011.??.??"]

1. d4 d5 2. Nf3 Nf6 3. e3 Bf5 4. c4 c6 5. Nc3 e6 6. a3 Bd6 7. Be2 Nbd7 8. cxd5
exd5 9. b4 Ne4 10. Bb2 Qe7 11. Rc1 a6 12. Qb3 O-O 13. Na4 Rfe8 14. Nc5 Nf8 15.
Nd3 Rad8 16. O-O Qf6 17. Nde5 Qh6 18. Qd1 f6 19. Nd3 g5 20. g3 Ng6 21. Nfe1 Bb8
22. Ng2 Bh3 23. Nc5 Nd6 24. Re1 f5 25. Bh5 Re7 26. Bxg6 hxg6 27. Nd3 Rh7 28.
Qf3 Ne4 29. Ngf4 gxf4 30. Nxf4 Bxf4 31. Qxf4 Qxf4 32. exf4 Nd2 33. Re6 Kf7 34.
Re2 Nf3+ 0-1

[Event "ChFraVétérans2011"]
[Site "Caen"]
[Date "2011.08.17"]
[Round "2.9"]
[White "Degrave, Jack"]
[Black "Villedieu, Emmanuel"]
[Result "1/2-1/2"]
[WhiteElo "1990"]
[BlackElo "1803"]
[PlyCount "52"]
[EventDate "2011.??.??"]

1. e4 e6 2. d4 d5 3. Nc3 Nf6 4. e5 Nfd7 5. f4 c5 6. Nf3 Nc6 7. Be3 cxd4 8. Nxd4
Bc5 9. Nxc6 bxc6 10. Bxc5 Nxc5 11. Qd4 Qb6 12. Rb1 Nd7 13. Qxb6 axb6 14. a3 Ba6
15. Bxa6 Rxa6 16. O-O Ke7 17. Rbe1 g6 18. Rf3 Ra5 19. Kf2 b5 20. g4 c5 21. b4
cxb4 22. axb4 Ra6 23. Nxb5 Rb8 24. Ra3 Rxa3 25. Nxa3 Rxb4 26. Kf3 Ra4 1/2-1/2

[Event "ChFraVétérans2011"]
[Site "Caen"]
[Date "2011.08.17"]
[Round "2.10"]
[White "Maury, Claude"]
[Black "Tholey, Jean-Paul"]
[Result "0-1"]
[WhiteElo "1852"]
[BlackElo "1981"]
[PlyCount "40"]
[EventDate "2011.??.??"]

1. e4 e6 2. f4 d5 3. e5 c5 4. Nf3 Nc6 5. b3 Nge7 6. Bb2 Nf5 7. Na3 Be7 8. c3
Bd7 9. Nc2 Rc8 10. Ne3 Nxe3 11. dxe3 O-O 12. Bd3 f6 13. O-O fxe5 14. fxe5 Qb6
15. Rb1 c4 16. bxc4 Qxe3+ 17. Kh1 Nxe5 18. Nxe5 Qxe5 19. cxd5 Bd6 20. g3 Qxd5+
0-1

[Event "ChFraVétérans2011"]
[Site "Caen"]
[Date "2011.08.18"]
[Round "3.1"]
[White "Seret, Jean-Luc"]
[Black "Pinchon, Henri"]
[Result "1-0"]
[WhiteElo "2380"]
[BlackElo "1904"]
[PlyCount "71"]
[EventDate "2011.??.??"]

1. Nf3 Nf6 2. c4 c5 3. Nc3 Nc6 4. g3 g6 5. Bg2 Bg7 6. O-O O-O 7. a3 a6 8. Rb1
Rb8 9. b4 cxb4 10. axb4 b5 11. cxb5 axb5 12. d4 d5 13. Bf4 Bf5 14. Bxb8 Bxb1
15. Ne5 Nxb8 16. Qxb1 Qb6 17. e3 e6 18. Rc1 Nbd7 19. Nd3 Rb8 20. Nc5 Nf8 21.
Bf1 Ne8 22. Nxb5 Nd6 23. Nxd6 Qxd6 24. b5 e5 25. dxe5 Bxe5 26. Nd3 Bg7 27. Rc6
Qd8 28. Nb4 Ne6 29. Qb3 d4 30. Rxe6 fxe6 31. Nc6 Qd6 32. Nxb8 Qxb8 33. Qxe6+
Kh8 34. e4 Qd8 35. b6 Bf8 36. b7 1-0

[Event "ChFraVétérans2011"]
[Site "Caen"]
[Date "2011.08.18"]
[Round "3.2"]
[White "Dubreuil, Remy"]
[Black "Goldenberg, Richard"]
[Result "0-1"]
[WhiteElo "1895"]
[BlackElo "2320"]
[PlyCount "54"]
[EventDate "2011.??.??"]

1. Nf3 g6 2. d4 d5 3. e3 Bg7 4. c4 Nf6 5. Nc3 O-O 6. cxd5 Nxd5 7. e4 Nxc3 8.
bxc3 c5 9. Be3 Nc6 10. Qd2 Qa5 11. Rc1 cxd4 12. cxd4 Qxd2+ 13. Kxd2 Rd8 14. Rc4
Bg4 15. Kc3 Rac8 16. Kd2 Bxf3 17. gxf3 Bxd4 18. Bxd4 Nxd4 19. Rxc8 Rxc8 20. f4
Kg7 21. h4 Rc5 22. Rh3 Ra5 23. a3 Ne6 24. Rf3 Ra4 25. f5 Nc5 26. fxg6 hxg6 27.
Bb5 Ra5 0-1

[Event "ChFraVétérans2011"]
[Site "Caen"]
[Date "2011.08.18"]
[Round "3.3"]
[White "Rodriguez, Jean-Pierre"]
[Black "Basic, Bosko"]
[Result "0-1"]
[WhiteElo "1871"]
[BlackElo "2067"]
[PlyCount "126"]
[EventDate "2011.??.??"]

1. d4 d5 2. Nf3 Nf6 3. e3 c6 4. Bd3 e6 5. Nbd2 Nbd7 6. O-O Bd6 7. c4 O-O 8. Qc2
h6 9. b3 e5 10. dxe5 Nxe5 11. Nxe5 Bxe5 12. Rb1 dxc4 13. Bxc4 Nd5 14. Nf3 Nb4
15. Qd2 Qxd2 16. Bxd2 Bd6 17. a3 Nc2 18. a4 Na3 19. Rbc1 Nxc4 20. Rxc4 Be6 21.
Rd4 Bc5 22. Rd3 Bf5 23. Rc3 Bb4 24. Rcc1 Ba3 25. Ra1 Bb2 26. Ra2 Bf6 27. Rc1
Rfd8 28. h3 Be6 29. Rb1 Rd3 30. Ne1 Rxb3 31. Rxb3 Bxb3 32. Ra3 Bc4 33. Bc3 Be7
34. Ra1 b5 35. axb5 cxb5 36. Nc2 Bc5 37. Ra6 Bb6 38. Nb4 Rd8 39. Kh2 Rd1 40.
Kg3 Bc7+ 41. Kf3 Bb6 42. Be5 Rb1 43. Bd6 Rb2 44. Kg3 Rd2 45. Bb8 Bc5 46. Nc6
Ra2 47. Rxa2 Bxa2 48. Bxa7 Bxa7 49. Nxa7 b4 50. Nb5 b3 51. Nc3 b2 52. Kf4 b1=Q
53. Nxb1 Bxb1 54. Ke5 f6+ 55. Ke6 Bd3 56. h4 Kh7 57. Kd5 Kg6 58. Kd4 Bf1 59. g3
Kf5 60. f3 Bg2 61. g4+ Ke6 62. Ke4 g5 63. h5 Bh1 0-1

[Event "ChFraVétérans2011"]
[Site "Caen"]
[Date "2011.08.18"]
[Round "3.4"]
[White "Ruch, Bernard"]
[Black "Danzanvilliers, Patrice"]
[Result "1-0"]
[WhiteElo "1994"]
[BlackElo "1838"]
[PlyCount "73"]
[EventDate "2011.??.??"]

1. d4 f5 2. c4 Nf6 3. Nc3 g6 4. f3 d6 5. e4 fxe4 6. fxe4 Bg7 7. Nf3 Bg4 8. Be2
Nc6 9. Be3 Bxf3 10. Bxf3 e5 11. d5 Ne7 12. O-O O-O 13. b4 b6 14. c5 c6 15. dxc6
Nxc6 16. Qb3+ Kh8 17. Rad1 Ne8 18. cxd6 Nd4 19. Bxd4 exd4 20. Nb5 Nxd6 21. Nxd6
Qxd6 22. e5 Bxe5 23. Bxa8 Bxh2+ 24. Kh1 Rxa8 25. Qh3 Be5 26. Rf7 Bg7 27. b5 Qd5
28. Qf3 Qxf3 29. gxf3 a6 30. a4 axb5 31. axb5 Ra5 32. Rb7 h6 33. Rxb6 Ra3 34.
Kg2 Be5 35. Rxg6 Kh7 36. Re6 Bf4 37. Rxd4 1-0

[Event "ChFraVétérans2011"]
[Site "Caen"]
[Date "2011.08.18"]
[Round "3.5"]
[White "Tholey, Jean-Paul"]
[Black "Hirschmann, Georges"]
[Result "1-0"]
[WhiteElo "1981"]
[BlackElo "1801"]
[PlyCount "75"]
[EventDate "2011.??.??"]

1. d4 Nf6 2. c4 e6 3. Nc3 d5 4. Nf3 Be7 5. Bg5 h6 6. Bh4 O-O 7. e3 b6 8. cxd5
Nxd5 9. Bxe7 Qxe7 10. Rc1 Nxc3 11. Rxc3 Bb7 12. Be2 Rc8 13. Qc2 Na6 14. O-O Nb4
15. Qb1 Nd5 16. Rc2 Nb4 17. Rcc1 c5 18. dxc5 Rxc5 19. Rxc5 Qxc5 20. Rc1 Qd6 21.
a3 Nd5 22. Qd3 Qe7 23. Nd4 Nf6 24. Bf3 Bxf3 25. Nxf3 Rd8 26. Qc4 Qd6 27. h3 Rd7
28. Nd4 Qd5 29. Qxd5 Nxd5 30. Kf1 Kf8 31. Rc8+ Ke7 32. Ke2 Rb7 33. Ra8 Rc7 34.
Rxa7 Kd7 35. Rxc7+ Nxc7 36. Kd3 Kd6 37. Kc4 g6 38. Nb5+ 1-0

[Event "ChFraVétérans2011"]
[Site "Caen"]
[Date "2011.08.18"]
[Round "3.6"]
[White "Hodot, Yves"]
[Black "Mirguet, Bernard"]
[Result "1-0"]
[WhiteElo "1946"]
[BlackElo "1608"]
[PlyCount "43"]
[EventDate "2011.??.??"]

1. e4 c5 2. b4 cxb4 3. c4 bxc3 4. Nxc3 e6 5. Qb3 Nc6 6. Nf3 Bc5 7. Bb5 Nge7 8.
Bb2 a6 9. Be2 O-O 10. Rd1 Nd4 11. Qc4 Nc2+ 12. Kf1 Ba3 13. Qb3 Bxb2 14. Qxb2
Ne3+ 15. dxe3 b5 16. h4 Bb7 17. Rh3 Qc7 18. Rg3 f6 19. Nd4 f5 20. Rxg7+ Kh8 21.
Nf3 Ng8 22. Rdxd7 1-0